Роль бенчмаркинга в повышении эффективности работы теплоснабжающих предприятий; Новости теплоснабжения; № 2

Dades bibliogràfiques
Parent link:Новости теплоснабжения: научно-технический журнал.— , 2005-
№ 2.— 2009.— С. 4-9
Altres autors: Лукьянец А. А., Ротарь В. Г. Виктор Григорьевич, Чернов А. Г., Шумский А. А.
Idioma:rus
Publicat: 2009
Matèries:
Format: MixedMaterials Capítol de llibre
KOHA link:https://koha.lib.tpu.ru/cgi-bin/koha/opac-detail.pl?biblionumber=532481

MARC

LEADER 00000naa2a2200000 4500
001 532481
005 20231101112919.0
035 |a (RuTPU)RU\TPU\prd\219226 
035 |a RU\TPU\tpu\25104 
090 |a 532481 
100 |a 20140606a2009 k y0rusy50 ca 
101 0 |a rus 
102 |a RU 
200 1 |a Роль бенчмаркинга в повышении эффективности работы теплоснабжающих предприятий  |f А. А. Лукьянец [и др.] 
320 |a Библиогр.: с. 9 (1 назв.) 
461 0 |0 (RuTPU)RU\TPU\prd\33110  |t Новости теплоснабжения  |o научно-технический журнал  |d 2005- 
463 0 |0 (RuTPU)RU\TPU\prd\64418  |t № 2  |v С. 4-9  |d 2009 
610 1 |a труды учёных ТПУ 
701 1 |a Лукьянец  |b А. А. 
701 1 |a Ротарь  |b В. Г.  |c специалист в области автоматического управления  |c доцент Томского политехнического университета, кандидат технических наук  |f 1948-  |g Виктор Григорьевич  |2 stltpush  |3 (RuTPU)RU\TPU\pers\28047 
701 1 |a Чернов  |b А. Г. 
701 1 |a Шумский  |b А. А. 
801 1 |a RU  |b 63413507  |c 20140429 
801 2 |a RU  |b 63413507  |c 20140616  |g RCR 
942 |c BK